João Colagem (Registo nº 6105)
[ vista simples ]
| 000 -Etiqueta do registo | |
|---|---|
| Valores | 00802nam a2200265 4500 |
| 010 ## - Número ISBN | |
| ISBN | 9789893314722 |
| 021 ## - Número do Depósito Legal | |
| Número | 491716/21 |
| 100 ## - Dados gerais de processamento | |
| Dados gerais | 20260121d2021 c||y0pory50030103ba |
| 200 1# - Titulo e menção de responsabilidade | |
| Título próprio | João Colagem |
| Primeira menção de responsabilidade | Patrícia Aguiar |
| Outras menções de responsabilidade | il. Laura Morais |
| 205 ## - Menção da edição | |
| Edição | 2ª ed |
| 210 #9 - Publicação | |
| Local de publicação | [S.l. |
| Nome do editor | s.n.], |
| Data de publicação | 2021 |
| 215 ## - Descrição física | |
| Paginação / Volumes | [34] p. |
| Outras indicações físicas | il. |
| Dimensões | 23 cm |
| 606 ## - Nome comum usado como assunto | |
| ID Autoridade | 14 |
| Palavra de ordem | Literatura infantil |
| 606 ## - Nome comum usado como assunto | |
| ID Autoridade | 15 |
| Palavra de ordem | Literatura Portuguesa |
| 675 ## - CDU | |
| Notação | 82-93 |
| Edição | BN |
| Língua | por |
| 675 ## - CDU | |
| Notação | 821.134.3-93"20" |
| Edição | BN |
| Língua | por |
| 675 ## - CDU | |
| Notação | 821.134.3 |
| Edição | BN |
| Língua | por |
| 700 ## - Autor principal (pessoa individual) | |
| Apelido | Aguiar |
| Nome | Patrícia |
| ID Autoridade | 5806 |
| 701 ## - Co-autor principal (pessoa individual) | |
| Apelido | Morais |
| Nome | Laura |
| ID Autoridade | 5807 |
| 801 #0 - Fonte de origem | |
| País | PT |
| Agência | BMVN |
| Regras de catalogação | RPC |
| 830 ## - Notas gerais do catalogador | |
| Criado por | Ana Caetano |
| Data de criação | 2026/01/21 |
| 856 41 - Localização e acesso electrónico | |
| URL | <a href="http://rnod.bnportugal.gov.pt/ImagesBN/winlibimg.aspx?skey=&doc=2094719&img=162041&save=true">http://rnod.bnportugal.gov.pt/ImagesBN/winlibimg.aspx?skey=&doc=2094719&img=162041&save=true</a> |
| 990 ## - Elementos KOHA | |
| Tipo de documento | Livro |
| Situação do levantamento | Biblioteca de origem | Código de barras | Cota | Permissão de empréstimo | Forma de aquisição |
|---|---|---|---|---|---|
| Biblioteca Escola Nº2 Vendas Novas | 1000000045351 | LI POR/AGU |